James Bond Movie By Plot Description Quiz Stats

Quiz Updated Nov 6, 2015

Also try: Bond Villains
Challenge
Share
Tweet
Embed
Score 0/24 Timer 08:00
0 Plays Today
Plot Bond Film % Correct
In his first mission, James Bond must stop Le Chiffre, a banker to the world's terrorist organizations, from winning a high-stakes poker tournament in Montenegro. Casino Royale
96.8%
Investigating a gold magnate's smuggling, James Bond uncovers a plot to contaminate the Fort Knox gold reserve. Goldfinger
84.8%
James Bond teams up with the lone survivor of a destroyed Russian research center to stop the hijacking of a nuclear space weapon by a fellow agent believed to be dead. Goldeneye
81.9%
Bond's loyalty to M is tested as her past comes back to haunt her, bringing MI6 under attack. Skyfall
78.4%
James Bond investigates the mid-air theft of a space shuttle and discovers a plot to commit global genocide. Moonraker
75.2%
A diamond smuggling investigation leads James Bond to Las Vegas, where he uncovers an extortion plot headed by his nemesis, Ernst Stavro Blofeld. Diamonds Are Forever
75.1%
James Bond's investigation of a missing colleague in Jamaica leads him to the island of the mysterious scientist and a scheme to end the US space program.Dr. No
71.6%
While M battles political forces to keep the secret service alive, Bond follows a message from his past on a trail to uncover a sinister organization.Spectre
71.6%
James Bond heads to The Bahamas to recover two nuclear warheads stolen by SPECTRE agent Emilio Largo in an international extortion scheme. Thunderball
69%
James Bond willingly falls into an assassination ploy involving a naive Russian beauty in order to retrieve a Soviet encryption device that was stolen by SPECTRE. From Russia with Love
68%
Bond is led to believe that he is targeted by the world's most expensive assassin and must hunt him down to stop him. The Man with the Golden Gun
67.6%
James Bond heads to stop a media mogul's plan to induce war between China and the UK in order to obtain exclusive global media coverage. Tomorrow Never Dies
67.1%
Plot Bond Film % Correct
007 is sent to stop a diabolically brilliant heroin magnate armed with a complex organization and a reliable psychic tarot card reader. Live and Let Die
67.1%
James Bond is sent to investigate the connection between a North Korean terrorist and a diamond mogul who is funding the development of an international space weapon. Die Another Day
67%
An investigation of a horse-racing scam leads 007 to a mad industrialist who plans to create a worldwide microchip monopoly by destroying California's Silicon Valley. A View to a Kill
66.8%
Seeking revenge for the death of his love, secret agent James Bond sets out to stop an environmentalist from taking control of a country's valuable resource. Quantum of Solace
66.3%
A fake Fabergé egg and a fellow agent's death leads James Bond to an international jewel smuggling operation, being used to disguise a nuclear attack on NATO forces.Octopussy
64.6%
James Bond uncovers a nuclear plot when he protects an oil heiress from her former kidnapper, an international terrorist who can't feel pain. The World is Not Enough
64.1%
Agent 007 and the Japanese secret service ninja force must find and stop the true culprit of a series of spacejackings before nuclear war is provoked. You Only Live Twice
63.7%
James Bond woos a mob boss's daughter and goes undercover to uncover the true reason for Blofeld's allergy research in the Swiss Alps.On Her Majesty's Secret Service
61%
James Bond leaves Her Majesty's Secret Service to stop an evil drug lord and avenge his best friend, Felix Leiter. Licence to Kill
59.5%
James Bond investigates the hijacking of British and Russian submarines carrying nuclear warheads with the help of a KGB agent whose lover he killed. The Spy Who Loved Me
59.4%
James Bond is living on the edge to stop an arms dealer from starting World War III. Bond must cross all seven continents to stop the evil Whitaker and General Koskov.The Living Daylights
53.8%
Agent 007 is assigned to hunt for a lost British encryption device and prevent it from falling into enemy hands. For Your Eyes Only
46.8%

You're not logged in!

Compare scores with friends on all Sporcle quizzes.
Join for Free
OR
Log In

You Might Also Like...

Show Comments

Extras

Top Quizzes Today


Score Distribution

Your Account Isn't Verified!

In order to create a playlist on Sporcle, you need to verify the email address you used during registration. Go to your Sporcle Settings to finish the process.

Report this User

Report this user for behavior that violates our Community Guidelines.

Details: